000 00284nam a22001337a 4500
008 180314b xxu||||| |||| 00| 0 eng d
020 _a9780131929708
041 _aeng
080 _a7
100 _a45
101 _aart
245 _amedieval art
_clutikhuizen.h
942 _2udc
_cBK
999 _c45061
_d45061